00886nam a2200193 a 450000100100000000500170001000800410002704000250006808200150009310000330010824500940014126000500023530000210028504900090030695201280031595201130044395201190055699900170067500002661420200930030319.0110324s1958 dr 000 0 spa d aDO-SdBNPbspacBNPHU axxxbA185s1 aAcosta Carcino, J. F.95372313aEl saber y la verdad :borígen, principio y destino del hombre /cJ. F, Acosta Carcino. aCiudad Trujillo :bEditora del Caribe,c1958. a133 p. ;c24 cm. aBNPD 001054708DSaGRbGRcCTd2011-03-31iLF1l0oxxx A185sp26614-30r2020-06-25te. 3w2020-06-25yLFDSZPréstamo en sala 0010718PDaPDbPDcCTd2011-03-24iLF1l0oxxx A185sp26614-10r2020-06-25w2020-06-25yLFPDZNo se presta 0010718PDaPDbPDcCTd2011-03-28iLF1l0oxxx A185sp26614-20r2020-06-25te. 2w2020-06-25yLFPDZNo se presta c26106d26106